| 000 | 00578cam a2200229 4500 | ||
|---|---|---|---|
| 001 | J65614 | ||
| 008 | 000000n2001 000 0 eng u | ||
| 035 | _a(Sirsi) u117202 | ||
| 041 | _aeng | ||
| 050 | _a634.92 | ||
| 110 |
_aInvestment Property Databank _92288 |
||
| 245 | _aIPD forestry index 2001 | ||
| 260 |
_aLondon _bInvestment Property Databank _c2001 |
||
| 300 | _a1 folded sheet (4p.) ; 30cm. | ||
| 350 | _a0 | ||
| 650 | _aFORESTRY INDEX | ||
| 650 | _aINDICES | ||
| 650 | _aINVESTMENT | ||
| 650 | _aTIMBER PRICES | ||
| 690 | _aRURAL PRACTICE | ||
| 942 | _n0 | ||
| 999 |
_c101952 _d101952 |
||